000 00474nam a2200181Ia 4500
003 OSt
005 20260107162519.0
008 210210b1954 xxu||||| |||| 00| 0 eng d
040 _cAL
041 _akan
082 _a859/1249
100 _aBHARATIPRIYA
_9146475
_dಭಾರತಿಪ್ರಿಯ
245 _aRagini:
_bರಾಗಿಣಿ
260 _aBengaluru
_bSharada Prakatanalaya
_c1954
690 _aKannada Fiction
_9146476
906 _a021989
942 _2ddc
_cBK
999 _c146095
_d146095